| 000 | 00435nam a22001577a 4500 | ||
|---|---|---|---|
| 005 | 20240508091726.0 | ||
| 008 | 240508b |||||||| |||| 00| 0 eng d | ||
| 082 |
_a618 _bCHO-F |
||
| 100 | _aChohan:Arshad | ||
| 245 |
_aFundamentals Of Gynaecology / _cArshad Chohan |
||
| 260 |
_aPakistan ; _bMAR Publishers ; _c2017. |
||
| 300 |
_a367 p. : _bill ; _c24cm. |
||
| 500 | _ainclude index . | ||
| 650 | _aMedical / Gynecology | ||
| 999 |
_c35713 _d35713 |
||